Estadísticas para Gramática: Partes de la oración

Haz click aquí para intentar la prueba.

Estadísticas generales

  • Esta prueba ha sido intentada 990 veces
  • La puntuación promedio es 6 de 9

Estadísticas de respuestas

Parte de oración% Correcto
Verbo
98%
Adjetivo
80%
Sustantivo
77%
Adverbio
75%
Artículo
66%
Preposición
63%
Pronombre
58%
Conjunción
48%
Interjección
22%

Distribución de puntuación

Porcentaje por número respondido

Porcentaje de gente con cada puntuación

Historial de tus puntuaciones

No has intentado esta prueba.